[Event "Mediterranean-ch 11th"]
[Site "Petrovac"]
[Date "2021.06.19"]
[Round "1"]
[White "Nikolovski, Nikola"]
[Black "Paksoy, Nail"]
[Result "1-0"]
[WhiteElo "2431"]
[BlackElo "2062"]
[PlyCount "117"]
[EventDate "2021.06.19"]
[EventType "swiss"]
[EventRounds "9"]
[EventCountry "MNE"]
[SourceTitle "CBM 203 Extra"]
[Source "ChessBase"]
[SourceDate "2021.09.30"]
[SourceVersion "1"]
[SourceVersionDate "2021.09.30"]
[SourceQuality "1"]

1. e4 c5 2. Nc3 Nc6 3. f4 g6 4. Nf3 Bg7 5. Bb5 Nd4 6. 0-0 a6 7. Be2 e6 8. d3 Ne7 9. Nxd4 cxd4 10. Nb1 0-0 11. Qe1 Qc7 12. Bd1 b5 13. Nd2 Bb7 14. Nf3 d6 15. Qh4 Rac8 16. Bd2 Rfe8 17. Rc1 a5 18. Kh1 b4 19. Ra1 Qc5 20. g4 Rc7 21. Rg1 a4 22. f5 exf5 23. gxf5 Nxf5 24. exf5 Qxf5 25. Rf1 b3 26. axb3 axb3 27. Ra5 Rc5 28. Rxc5 dxc5 29. Kg1 bxc2 30. Bxc2 Bxf3 31. Qg3 Qg4 32. Rxf3 Qh5 33. Bb3 Rf8 34. Bf4 Kh8 35. Bd6 Rd8 36. Be7 Be5 37. Qxe5+ Qxe5 38. Bf6+ Qxf6 39. Rxf6 Rb8 40. Bc4 Rxb2 41. Rxf7 Re2 42. Rd7 Re8 43. Kg2 h6 44. Kg3 Re3+ 45. Kg4 Re2 46. h3 Re8 47. Bf7 Rc8 48. Kf4 Rc6 49. Ke5 g5 50. Kf5 Rb6 51. Bd5 c4 52. Bxc4 g4 53. hxg4 h5 54. Rd8+ Kg7 55. gxh5 Kh7 56. Rxd4 Kg7 57. Ke5 Rh6 58. Rf4 Rxh5+ 59. Kd6 1-0

[Event "TUR-chT 1st League"]
[Site "Konya"]
[Date "2018.07.21"]
[Round "8.7"]
[White "Can, Melih Kaan"]
[Black "Paksoy, Nail"]
[Result "1-0"]
[WhiteElo "2170"]
[BlackElo "2129"]
[PlyCount "103"]
[EventDate "2018.07.16"]
[EventType "team-swiss"]
[EventRounds "9"]
[EventCountry "TUR"]
[SourceTitle "EXT 2019"]
[Source "ChessBase"]
[SourceDate "2018.10.10"]
[SourceVersion "1"]
[SourceVersionDate "2018.10.10"]
[SourceQuality "1"]
[WhiteTeam "DCM Pamukkale Universiteli"]
[BlackTeam "Varyant Genclik"]
[WhiteTeamCountry "TUR"]
[BlackTeamCountry "TUR"]

1. e4 c5 2. Nf3 d6 3. c3 g6 4. d4 cxd4 5. cxd4 Bg7 6. Nc3 Nc6 7. d5 Ne5 8. Nd4 Nf6 9. Bb5+ Ned7 10. Ne6 fxe6 11. dxe6 0-0 12. exd7 Bxd7 13. Bxd7 Qxd7 14. 0-0 Rac8 15. Qd3 Ng4 16. f4 Qc6 17. Qe2 Bd4+ 18. Kh1 Qc4 19. h3 Qxe2 20. Nxe2 Nf2+ 21. Kg1 Bb6 22. Rxf2 Rc2 23. Kf1 Bxf2 24. Kxf2 e5 25. g3 Kf7 26. Kf3 Rfc8 27. Rb1 b5 28. Be3 a6 29. Rc1 Ke6 30. Rxc2 Rxc2 31. Bc1 d5 32. exd5+ Kxd5 33. fxe5 Kxe5 34. Ke3 a5 35. Kd3 Rc8 36. Bf4+ Kf6 37. h4 b4 38. Nd4 Ke7 39. Ke4 Rc5 40. Kd3 Kd7 41. Nb3 Rf5 42. Kc4 Rh5 43. Bg5 h6 44. g4 hxg5 45. gxh5 gxh5 46. hxg5 h4 47. Nd2 Ke6 48. Nf3 h3 49. Kb5 Kf5 50. Kxa5 Kf4 51. g6 Kxf3 52. g7 1-0